Historische Stadtkerne in Nordrhein-Westfalen /
Saved in:
| Main Author: | |
|---|---|
| Other Authors: | , |
| Format: | Book |
| Language: | German |
| Published: |
Düsseldorf :
Der Minister für Stadtentwicklung, Wohnen und Verkehr des Landes Nordrhein-Westfalen,
9 1987
|
| Edition: | 1. vydanie |
| Subjects: | |
| Tags: |
No Tags, Be the first to tag this record!
|
MARC
| LEADER | 00000nam a22000003a 4500 | ||
|---|---|---|---|
| 001 | 0064936 | ||
| 003 | SK-STU | ||
| 005 | 20190327103943.5 | ||
| 007 | ta | ||
| 008 | 180509s ----xo-----e------000-0-----d | ||
| 040 | |a STU |b slo | ||
| 041 | 0 | |a ger | |
| 044 | |a gw | ||
| 100 | 1 | |a Zöpel, Christoph |4 aut | |
| 245 | 1 | 0 | |a Historische Stadtkerne in Nordrhein-Westfalen / |c aut. Christoph Zöpel ; fotogr. Jürgen Kling, Günter Lintl |
| 250 | |a 1. vydanie | ||
| 260 | |a Düsseldorf : |b Der Minister für Stadtentwicklung, Wohnen und Verkehr des Landes Nordrhein-Westfalen, |c 9 1987 | ||
| 300 | |a 112 s. | ||
| 650 | 0 | 7 | |a mestské centrum |
| 650 | 0 | 7 | |a centrum mesta |
| 650 | 0 | 7 | |a ochrana a obnova pamiatok |
| 650 | 0 | 7 | |a historické budovy |
| 650 | 0 | 7 | |a Nemecko |
| 650 | 0 | 7 | |a malé mesto |
| 700 | 1 | |a Kling, Jürgen |4 pht | |
| 700 | 1 | |a Lintl, Günter |4 pht | |
| 996 | |b 284AU07410 |c A* 10660/U |l AAKNST |s P |a 0 |w 0064936_0001 | ||